Law relating to financial services / (Record no. 805)

MARC details
000 -LEADER
fixed length control field 01267nam a22002057a 4500
005 - DATE AND TIME OF LATEST TRANSACTION
control field 20210414113933.0
008 - FIXED-LENGTH DATA ELEMENTS--GENERAL INFORMATION
fixed length control field 120502t xxu||||| |||| 00| 0 eng d
020 ## - INTERNATIONAL STANDARD BOOK NUMBER
International Standard Book Number 0852976186
050 ## - LIBRARY OF CONGRESS CALL NUMBER
Classification number KD1715.R63
100 ## - MAIN ENTRY--PERSONAL NAME
Personal name Graham, Roberts
245 ## - TITLE STATEMENT
Title Law relating to financial services /
Statement of responsibility, etc. Graham Roberts.
250 ## - EDITION STATEMENT
Edition statement 4th ed
260 ## - PUBLICATION, DISTRIBUTION, ETC.
Place of publication, distribution, etc. Kent, CT.:
Name of publisher, distributor, etc. Financial World Publishing,
Date of publication, distribution, etc. 2001.
300 ## - PHYSICAL DESCRIPTION
Extent xxii, 418 p:
Other physical details ill.;
Dimensions 15cm.
500 ## - GENERAL NOTE
General note Includes index.
505 ## - FORMATTED CONTENTS NOTE
Formatted contents note Contents: The Banker-customer relationship -- Types of customer -- Consumer credit act lending -- Cheques - the basic law -- Cheques - the paying and collecting banks -- Paper payment systems -- Automated teller machines -- Debit cards -- Insolvency -- Taking security from individuals -- Guarantess -- Land and security -- Shares as security -- Life assurance policies as security -- Taking security from companies -- Charges over bank balances -- Charges over book debts -- Agricultural charges -- Regulation of financial services -- Appendix 1: Relevant statutory provisions -- Appendix 2: The Mortage code -- Appendix 3: The Banking code.
650 ## - SUBJECT ADDED ENTRY--TOPICAL TERM
Topical term or geographic name entry element Financial services industry
General subdivision Law and legislation
-- Great Britain.
650 ## - SUBJECT ADDED ENTRY--TOPICAL TERM
Topical term or geographic name entry element Banking law
General subdivision Great Britain.
942 ## - ADDED ENTRY ELEMENTS (KOHA)
Source of classification or shelving scheme Library of Congress Classification
Koha item type Books
Holdings
Withdrawn status Lost status Source of classification or shelving scheme Damaged status Not for loan Home library Current library Shelving location Date acquired Total Checkouts Full call number Barcode Date last seen Copy number Price effective from Koha item type
    Library of Congress Classification     WISCONSIN INTERNATIONAL UNIVERSITY COLLEGE, GHANA - MAIN LIBRARY WISCONSIN INTERNATIONAL UNIVERSITY COLLEGE, GHANA - MAIN LIBRARY General Stacks 02/05/2012   KD1715.R63 1992/12 02/05/2012 1 02/05/2012 Books
    Library of Congress Classification     WISCONSIN INTERNATIONAL UNIVERSITY COLLEGE, GHANA - MAIN LIBRARY WISCONSIN INTERNATIONAL UNIVERSITY COLLEGE, GHANA - MAIN LIBRARY General Stacks 02/05/2012   KD1715.R631 1993/12 02/05/2012 2 02/05/2012 Books
    Library of Congress Classification     WISCONSIN INTERNATIONAL UNIVERSITY COLLEGE, GHANA - MAIN LIBRARY WISCONSIN INTERNATIONAL UNIVERSITY COLLEGE, GHANA - MAIN LIBRARY General Stacks 02/05/2012   KD1715.R632 1994/12 02/05/2012 3 02/05/2012 Books

If you have any concerns or questions; kindly contact the library


© Powered by WIUC ICT DIRECTORATE